Political Leaders of the 2026 FIFA World Cup Teams - Statistics

General Stats
  • This quiz has been taken 5 times
  • The average score is 20 of 61
Answer Stats
Country Title Answer % Correct
France President Emmanuel Macron
100%
Brazil President Luiz Inacio Lula da Silva
100%
Egypt President Abdel Fattah el-Sisi
80%
United States President Donald Trump
80%
Germany Chancellor Friedrich Merz
80%
England Prime Minister(UK) Keir Starmer
80%
Scotland Prime Minister(UK) Keir Starmer
80%
Turkey President Recep Tayyip Erdoğan
80%
Jordan King Abdullah II
60%
Australia Prime Minister Anthony Albanese
60%
Mexico President Claudia Sheinbaum
60%
Colombia President Gustavo Petro
60%
Argentina President Javier Milei
60%
Canada Prime Minister Mark Carney
60%
Iran Supreme Leader Mojtaba Khamenei
60%
Spain Prime Minister Pedro Sánchez
60%
Czech Republic Prime Minister Andrej Babiš
40%
Croatia Prime Minister Andrej Plenković
40%
Austria Chancellor Christian Stocker
40%
South Africa President Cyril Ramaphosa
40%
Ecuador President Daniel Noboa
40%
Saudi Arabia Crown Prince and Prime Minister Mohammed bin Salman
40%
Morocco King Mohammed VI
40%
Saudi Arabia King Salman bin Abdulaziz Al Saud
40%
Japan Prime Minister Sanae Takaichi
40%
Sweden Prime Minister Ulf Kristersson
40%
Croatia President Zoran Milanović
40%
Algeria President Abdelmadjid Tebboune
20%
Senegal Prime Minister Ahmadou Al Aminou Lo
20%
Haiti Prime Minister Alix Didier Fils-Aimé
20%
Belgium Primie Minister Bart De Wever
20%
Bosnia and Herzegovina Chairwoman of the Council of Ministers Borjana Krišto
20%
D.R. Congo President Félix Tshisekedi
20%
Curaçao Prime Minister Gilmar Pisas
20%
Ghana President John Mahama
20%
D.R. Congo Prime Minister Judith Suminwa
20%
South Korea President Lee Jae Myung
20%
Portugal Prime Minister Luís Montenegro
20%
Iran President Masoud Pezeshkian
20%
Egypt Prime Minister Mostafa Madbouly
20%
Netherlands Prime Minister Rob Jetten
20%
Paraguay President Santiago Peña
20%
France Prime Minister Sébastien Lecornu
20%
Cape Verde Prime Minister Ulisses Correia e Silva
20%
Uruguay President Yamandú Orsi
20%
Uzbekistan Prime Minister Abdulla Aripov
0%
Ivory Coast President Alassane Ouattara
0%
Portugal President António José Seguro
0%
Morocco Prime Minister Aziz Akhannouch
0%
New Zealand Prime Minister Christopher Luxon
0%
Switzerland President Guy Parmelin
0%
Switzerland Vice President Ignazio Cassis
0%
Jordan Prime Minister Jafar Hassan
0%
Scotland First Minister John Swinney
0%
Norway Prime Minister Jonas Gahr Støre
0%
Panama President José Raúl Mulino
0%
Iraq Prime Minister Muhammad Shia al-Sudani
0%
Tunisia Prime Minister Sara Zaafarani
0%
Uzbekistan President Shavkat Mirziyoyev
0%
Qatar Emir Tamim bin Hamad Al Thani
0%
Switzerland Federal Chancellor Viktor Rossi
0%
No matching quizzes found
Score Distribution
Percent of People with Each Score
Percentile by Number Answered
Your Score History
You have not taken this quiz